| 000 | 01161cam a22003377a 4500 | ||
|---|---|---|---|
| 003 | CHAP | ||
| 005 | 20220817042104.0 | ||
| 008 | 971013s1970 r 00010 d | ||
| 010 | _a34238 | ||
| 011 | _a35210 | ||
| 035 | _a39326 | ||
| 040 | _cCHAP | ||
| 082 |
_a972 _bL8Y |
||
| 100 | 0 | 0 |
_aLumholtz, Carl. _969006 |
| 245 | 1 | 3 |
_aEl México desconocido _b: cinco años de exploración entre las tribus de la Sierra Madre Occidental |
| 260 |
_aMéxico : _bNacional, _c1970 |
||
| 300 |
_a2 v. _b: ilus. |
||
| 490 | 0 |
_aColección económica _v; 827-828 |
|
| 590 |
_aBATCH-UPD _b10 _c20130110 _lUCH01 _h0142 |
||
| 590 |
_aBATCH-UPD _b10 _c20130110 _lUCH01 _h2038 |
||
| 590 |
_aBATCH-UPD _b10 _c20130409 _lUCH01 _h2141 |
||
| 590 |
_aBATCH-UPD _b10 _c20130410 _lUCH01 _h1352 |
||
| 590 |
_aBATCH-UPD _b10 _c20130914 _lUCH01 _h1004 |
||
| 590 |
_aCONVERSION _b10 _c20130109 _lUCH01 _h1319 |
||
| 650 | 1 | 4 | _aIndios de México. |
| 830 | 0 |
_aColección económica _v; 827-828 _924833 |
|
| 901 | _aBK | ||
| 942 | _cLIBRO | ||
| 949 |
_a972 L8Y _bBC _cLIBRO _d-89687 _eLIBRO _fv.1 _h15592 _i39326 _si _t22.00 |
||
| 949 |
_a972 L8Y _bBC _cLIBRO _d33724000282323 _eLIBRO _fv.2 _h15593 _i39326 _si _t22.00 |
||
| 999 |
_c34238 _d34238 |
||